000 00728nam a2200193 i 4500
001 133463
003 ES-MaACL
005 20230906194420.0
007 t|
008 070814s1956 sp ||||1| spa d
100 1 _aDe Wohl, Louis.
_943085
245 1 0 _aCorazón inquieto
_b: biografía novelada de San Agustín /
_cLouis de Wohl ; versión española de Magdalena Galligo ; supervisión de Ana María Arranz Carabias.
260 _aSan Sebastián :
_bDinor,
_c1956 (
_fImp. Industrial)
300 _a312 p. ;
_c20 cm.
600 0 4 _aAgustín
_cSanto, Obispo de Hipona-
_xBiografías.
_918920
700 1 _aGalligo, Magdalena.
_953627
700 1 _aArranz Carabias, Ana María.
_923222
852 _aES-MaACL
_jC-11787
_bR.39375
999 _c133463
_d133463